书目信息 |
| 题名: |
大学物理学学习指导
|
|
| 作者: | 唐英 , 吴烨 主编 | |
| 分册: | ||
| 出版信息: | 北京 北京邮电大学出版社 2008.11 |
|
| 页数: | 276页 | |
| 开本: | 26cm | |
| 丛书名: | ||
| 单 册: | ||
| 中图分类: | O4 | |
| 科图分类: | ||
| 主题词: | 物理学--wu li xue--高等学校--英文--教学参考资料 | |
| 电子资源: | ||
| ISBN: | 978-7-5635-1844-9 | |
| 000 | 01027nam0 2200265 450 | |
| 001 | 012009972952 | |
| 005 | 20090916162544.10 | |
| 010 | @a978-7-5635-1844-9@dCNY32.00 | |
| 100 | @a20090916d2008 em y0chiy0120 ea | |
| 101 | 0 | @achi@aeng |
| 102 | @aCN@b110000 | |
| 105 | @aa z 000yy | |
| 106 | @ar | |
| 200 | 1 | @a大学物理学学习指导@Ada xue wu li xue xue xi zhi dao@d= A guide to the study of university physics@f唐英, 吴烨主编@Ftang ying,wu ye zhu bian@zeng |
| 210 | @a北京@c北京邮电大学出版社@d2008.11 | |
| 215 | @a276页@c图@d26cm | |
| 300 | @a教育部“高等理工教育教学改革与实践”项目成果国家工科物理教学基地双语教学教材 | |
| 330 | @a本书内容全面系统地包括了大学物理教学的主要内容及教学的主要构成元素:原理、例题、习题、解答、模拟考题等 | |
| 510 | 1 | @aGuide to the study of university physics@zeng |
| 606 | 0 | @a物理学@Awu li xue@x高等学校@x英文@j教学参考资料 |
| 690 | @aO4@v4 | |
| 701 | 0 | @a唐英@Atang ying@4主编 |
| 701 | 0 | @a吴烨@Awu ye@4主编 |
| 801 | 0 | @aCN@bQSSK@c20090916 |
| 905 | @b752169-73@dO4@eT272@f5 | |
| 大学物理学学习指导= A guide to the study of university physics/唐英, 吴烨主编.-北京:北京邮电大学出版社,2008.11 |
| 276页:图;26cm |
| 教育部“高等理工教育教学改革与实践”项目成果国家工科物理教学基地双语教学教材 |
| ISBN 978-7-5635-1844-9:CNY32.00 |
| 本书内容全面系统地包括了大学物理教学的主要内容及教学的主要构成元素:原理、例题、习题、解答、模拟考题等 |
| ● |
| 相关链接 |
|
|
|
正题名:大学物理学学习指导
索取号:O4/T272
 
预约/预借
| 序号 | 登录号 | 条形码 | 馆藏地/架位号 | 状态 | 备注 |
| 1 | 752169 | 207521699 | 自科库401/401自科库 54排5列2层/ [索取号:O4/T272] | 在馆 | |
| 2 | 752170 | 207521706 | 自科库401/401自科库 54排5列2层/ [索取号:O4/T272] | 在馆 | |
| 3 | 752171 | 207521715 | 自科库401/401自科库 54排5列2层/ [索取号:O4/T272] | 在馆 | |
| 4 | 752172 | 207521724 | 自科库401/401自科库 54排5列2层/ [索取号:O4/T272] | 在馆 | |
| 5 | 752173 | 207521733 | 自科库401/401自科库 54排5列2层/ [索取号:O4/T272] | 在馆 |